000 00364nam a22001577a 4500
003 SGT
020 _a9789350354681
082 _bSHA
100 _aSHARMA B.R
245 _aFORENSIC SCIENCE IN CRIMINAL INVESTIGATION AND TRIALS
250 _a5TH
260 _bUNIVERSAL LAW PUB.
_c2016
300 _a1732
650 _aPHYSICAL SCIENCE
942 _2ddc
_cBK
_01
999 _c15769
_d15769